Word Ladder: Ursine MLB Meme Quiz Stats

 Plays Quiz Updated Oct 6, 2017

Challenge
Share
Tweet
Embed
Score 0/26 Timer 03:00
6 Plays Today
Clue 4-Letter Word % Correct
It can be grizzly or brownBEAR
95.8%
A group of people who compete in a sportTEAM
94.8%
To rip or rend apartTEAR
94.3%
Skeleton componentBONE
93.9%
Musical or vocal soundTONE
91.9%
Large brass wind instrumentTUBA
91.5%
Island nation just south of FloridaCUBA
91.5%
MLB team located in ChicagoCUBS
91.3%
Large fish of the mackerel familyTUNA
90.7%
Formal danceBALL
90.6%
A melody or piece of musicTUNE
90.3%
Object used on the set of a play or moviePROP
89.5%
To shape something into a curve or angleBEND
89.2%
Clue 4-Letter Word % Correct
Chemical connectionBOND
88.9%
To stumble or fallTRIP
88.2%
Small ornamental piece of glass or stoneBEAD
87.9%
To let go of somethingDROP
87.4%
Batman in film from 2005-2012BALE
87.3%
A trolley or cable carTRAM
86.2%
Survey or questionnairePOLL
85.3%
Cloth spread over a coffinPALL
83.9%
To cut awayTRIM
83.8%
Small body of standing waterPOOL
83.7%
Aftermost and highest deck of a shipPOOP
82.1%
Slang for weak or ineffectual personDRIP
81.7%
Central area of operationsBASE
64.9%

Today's Daily Dose

You're not logged in!

Compare scores with friends on all Sporcle quizzes.
OR
Log In

You Might Also Like...

Show Comments

Extras

Top Quizzes Today


Score Distribution

Your Account Isn't Verified!

In order to create a playlist on Sporcle, you need to verify the email address you used during registration. Go to your Sporcle Settings to finish the process.

Report this User

Report this user for behavior that violates our Community Guidelines.

Details: